Vývoj virtuálneho laboratória na vizualizáciu detekcie vírusu SARS-COV-2 pomocou bórom dopovanej diamantovej elektródy
Salvato in:
| Autore principale: | |
|---|---|
| Altri autori: | |
| Natura: | Manoscritto Libro |
| Lingua: | slovacco |
| Pubblicazione: |
Bratislava :
STU v Bratislave FEI,
2021
|
| Soggetti: | |
| Accesso online: | https://opac.crzp.sk/?fn=detailBiblioForm&sid=CF9E62B1F4156FE3B92B0A84D7C8&seo=CRZP-detail-kniha |
| Tags: |
Nessun Tag, puoi essere il primo ad aggiungerne!!
|
MARC
| LEADER | 00000ntm a22000003a 4500 | ||
|---|---|---|---|
| 001 | stuzp82617 | ||
| 003 | SK-STU | ||
| 005 | 20220218092841.4 | ||
| 007 | ta | ||
| 008 | 150427s2015----xo-----f-mn---000-0-slo-d | ||
| 040 | |a STU |b slo | ||
| 041 | 0 | |a slo | |
| 044 | |a xo | ||
| 100 | 1 | |a Rendek, Michal |u 033000 |4 aut |U FEI Fakulta elektrotechniky a informatiky |T FEI Ústav elektroniky a fotoniky |X 97916 |U E030 |Y 549 |7 97916 | |
| 242 | 0 | 1 | |a Development of a virtual laboratory for visualization of SARS-COV-2 virus detection using a boron-doped diamond electrode |y eng |
| 245 | 1 | 0 | |a Vývoj virtuálneho laboratória na vizualizáciu detekcie vírusu SARS-COV-2 pomocou bórom dopovanej diamantovej elektródy |
| 260 | |a Bratislava : |b STU v Bratislave FEI, |c 2021 | ||
| 300 | |a 59 s., príl. | ||
| 650 | 4 | |a Virtuálna Realita |2 slo | |
| 650 | 4 | |a Virtuálne Laboratórium |2 slo | |
| 650 | 4 | |a HTC Vive |2 slo | |
| 650 | 4 | |a Unity 3D |2 slo | |
| 650 | 4 | |a Diamantová elektróda |2 slo | |
| 650 | 4 | |a Virtual Reality |2 eng | |
| 650 | 4 | |a Virtual Lab |2 eng | |
| 650 | 4 | |a HTC Vive |2 eng | |
| 650 | 4 | |a Unity 3D |2 eng | |
| 650 | 4 | |a Diamond Electrode |2 eng | |
| 700 | 1 | |a Marton, Marián |u 033000 |k Z2 |4 ths |U FEI Fakulta elektrotechniky a informatiky |T FEI Ústav elektroniky a fotoniky |X 2980 |U E030 |Y 549 |7 A000002980 | |
| 856 | 4 | |u https://opac.crzp.sk/?fn=detailBiblioForm&sid=CF9E62B1F4156FE3B92B0A84D7C8&seo=CRZP-detail-kniha | |